000 00552nam a2200205Ia 4500
001 7505
003 IVS
005 20250626025213.0
008 211022s9999 xx 000 0 und d
040 _cIVS
082 _a741.6 GHA
100 _aGhazala Chinoy
245 0 _aPakistani English literature : The Past, Present and Future
260 _aKarachi
260 _bIndus Valley School
260 _c2003
300 _av. p.
856 _uhttps://drive.google.com/file/d/1appLBR43mO-UTBYfIl0IIHdeWdO6oLr9/view?usp=sharing
942 _cDISS
_n0
_2ddc
999 _c3730
_d3730